000
00197nam a2200085Ia 4500
008
170617s9999 xx 000 0 und d
100
_a
Lound- Walter
245
4
_a
The Pharmaceutical Codex
260
_b
C B S Pub
260
_c
2009
999
_c
15295
_d
15295